[Event "Dresden Uhlmann Rapid op"]
[Site "Dresden"]
[Date "2023.05.06"]
[Round "2"]
[White "Spiess, Gunter"]
[Black "Wegener, Dirk"]
[Result "1-0"]
[WhiteElo "2359"]
[BlackElo "2371"]
[PlyCount "57"]
[EventDate "2023.05.06"]
[EventType "swiss (rapid)"]
[EventRounds "7"]
[EventCountry "GER"]
[SourceTitle "CBM 214 Extra"]
[Source "ChessBase"]
[SourceDate "2023.07.31"]
[SourceVersion "1"]
[SourceVersionDate "2023.07.31"]
[SourceQuality "1"]

1. d4 Nf6 2. c4 g6 3. Nc3 Bg7 4. e4 d6 5. Be2 0-0 6. Be3 c5 7. d5 e6 8. Nf3 exd5 9. cxd5 Na6 10. Nd2 Rb8 11. 0-0 Nc7 12. a4 Na6 13. Bf4 Re8 14. Bf3 Nb4 15. Nc4 Bf8 16. Re1 b6 17. Nb5 Nfxd5 18. Bxd6 Bxd6 19. Nbxd6 Re7 20. Nxc8 Rxc8 21. exd5 Rxe1+ 22. Qxe1 Nc2 23. Qd1 Nxa1 24. Qxa1 Qh4 25. b3 Re8 26. g3 Qh3 27. Qf1 Qf5 28. Qd1 h5 29. Nd6 1-0

[Event "Dresden Uhlmann Rapid op"]
[Site "Dresden"]
[Date "2023.05.06"]
[Round "7"]
[White "Wegener, Dirk"]
[Black "Langheinrich, Ferenc"]
[Result "0-1"]
[WhiteElo "2371"]
[BlackElo "2371"]
[PlyCount "140"]
[EventDate "2023.05.06"]
[EventType "swiss (rapid)"]
[EventRounds "7"]
[EventCountry "GER"]
[SourceTitle "CBM 214 Extra"]
[Source "ChessBase"]
[SourceDate "2023.07.31"]
[SourceVersion "1"]
[SourceVersionDate "2023.07.31"]
[SourceQuality "1"]

1. e4 c6 2. d4 d5 3. Nd2 dxe4 4. Nxe4 Nf6 5. Nxf6+ exf6 6. Be3 Bd6 7. Bd3 0-0 8. c3 Re8 9. Qc2 h5 10. Ne2 Nd7 11. 0-0-0 Nf8 12. Nf4 Bxf4 13. Bxf4 Be6 14. c4 b5 15. h3 bxc4 16. Bxc4 Bxc4 17. Qxc4 Ne6 18. Be3 Qa5 19. g4 h4 20. Rd3 Rab8 21. Ra3 Qc7 22. d5 cxd5 23. Qxc7 Nxc7 24. Rxa7 Nb5 25. Rd7 d4 26. Bxd4 Re2 27. Rd1 Nxd4 28. R1xd4 Rbxb2 29. Rd2 Rbxd2 30. Rxd2 Re1+ 31. Kb2 Rh1 32. Rd3 Rf1 33. Rf3 Kf8 34. a4 Rd1 35. a5 Rd8 36. a6 Ra8 37. Ra3 Ke7 38. a7 f5 39. gxf5 Kf6 40. Kc3 Kxf5 41. Kc4 Kf4 42. Kc5 f5 43. Kb6 g5 44. Kb7 Rxa7+ 45. Kxa7 g4 46. Kb6 g3 47. fxg3+ hxg3 48. Kc5 g2 49. Ra1 Kg3 50. Kd4 f4 51. Ke4 f3 52. Ra3 g1Q 53. Rxf3+ Kh2 54. Re3 Qg5 55. Rf3 Kg2 56. Re3 Kf2 57. Rc3 Qe7+ 58. Kd4 Qd6+ 59. Kc4 Ke2 60. Kb3 Qb6+ 61. Kc2 Qg6+ 62. Kb3 Kd2 63. Rc4 Qd3+ 64. Kb4 Qxh3 65. Rd4+ Kc2 66. Rc4+ Kb2 67. Kb5 Qd7+ 68. Kb4 Qd6+ 69. Rc5 Qd4+ 70. Rc4 Qb6+ 0-1

[Event "Dresden Uhlmann Rapid op"]
[Site "Dresden"]
[Date "2023.05.06"]
[Round "4"]
[White "Wegener, Dirk"]
[Black "Wichmann, Cliff"]
[Result "1-0"]
[WhiteElo "2371"]
[BlackElo "2310"]
[PlyCount "70"]
[EventDate "2023.05.06"]
[EventType "swiss (rapid)"]
[EventRounds "7"]
[EventCountry "GER"]
[SourceTitle "CBM 214 Extra"]
[Source "ChessBase"]
[SourceDate "2023.07.31"]
[SourceVersion "1"]
[SourceVersionDate "2023.07.31"]
[SourceQuality "1"]

1. e4 e6 2. d4 d5 3. Nc3 Nf6 4. Bg5 Bb4 5. e5 h6 6. Bd2 Bxc3 7. bxc3 Ne4 8. Qg4 Kf8 9. h4 c5 10. Rh3 Nc6 11. Bd3 Nxd2 12. Kxd2 Qa5 13. Rg3 g5 14. hxg5 Rg8 15. g6 cxd4 16. Ne2 dxc3+ 17. Kd1 Qc7 18. g7+ Ke7 19. Bh7 Rxg7 20. Qxg7 Nxe5 21. Rxc3 Qd6 22. Qxh6 Bd7 23. Qh4+ f6 24. Bd3 Rf8 25. Rb1 Bc6 26. Qb4 Rh8 27. Qxd6+ Kxd6 28. Kd2 Rh4 29. Rcb3 b6 30. f4 Ng4 31. Ra3 Rh2 32. Rxa7 Rxg2 33. Rxb6 Kc5 34. Rba6 Be8 35. Rc7+ Kb4 1-0

[Event "Oberliga Ost-A 1819"]
[Site "Germany"]
[Date "2019.03.24"]
[Round "9.3"]
[White "Wegener, Dirk"]
[Black "Geiling, Christian"]
[Result "1-0"]
[WhiteElo "2397"]
[BlackElo "2182"]
[PlyCount "65"]
[EventDate "2018.10.21"]
[EventType "team-tourn"]
[EventRounds "11"]
[EventCountry "GER"]
[SourceTitle "EXT 2020"]
[Source "ChessBase"]
[SourceDate "2019.10.17"]
[SourceVersion "1"]
[SourceVersionDate "2019.10.17"]
[SourceQuality "1"]
[WhiteTeam "Dresden USV TU II"]
[BlackTeam "Leipzig VfB"]
[WhiteTeamCountry "GER"]
[BlackTeamCountry "GER"]

1. e4 c5 2. Nf3 e6 3. d4 cxd4 4. Nxd4 a6 5. Bd3 Nf6 6. Nc3 d6 7. Be3 Be7 8. f4 Qc7 9. g4 Nc6 10. g5 Nd7 11. Qd2 b5 12. Nxc6 Qxc6 13. 0-0-0 Rb8 14. h4 Nc5 15. Ne2 Nxe4 16. Nd4 Qb7 17. Qe1 Nc5 18. Be2 b4 19. Bf3 d5 20. Nf5 b3 21. Nxg7+ Kf8 22. axb3 Nxb3+ 23. cxb3 Qxb3 24. Bd4 Qxf3 25. Qe5 Rb4 26. Nxe6+ fxe6 27. Qxh8+ Kf7 28. Bc3 Rc4 29. Qxh7+ Ke8 30. Qg6+ Kd8 31. Qd3 Qxf4+ 32. Kb1 Bd7 33. g6 1-0

[Event "Oberliga Ost-A 1819"]
[Site "Germany"]
[Date "2019.02.03"]
[Round "7.3"]
[White "Wegener, Dirk"]
[Black "Orsag, Milan"]
[Result "0-1"]
[WhiteElo "2397"]
[BlackElo "2303"]
[PlyCount "64"]
[EventDate "2018.10.21"]
[EventType "team-tourn"]
[EventRounds "11"]
[EventCountry "GER"]
[SourceTitle "EXT 2020"]
[Source "ChessBase"]
[SourceDate "2019.10.17"]
[SourceVersion "1"]
[SourceVersionDate "2019.10.17"]
[SourceQuality "1"]
[WhiteTeam "Dresden USV TU II"]
[BlackTeam "Hoyerswerda"]
[WhiteTeamCountry "GER"]
[BlackTeamCountry "GER"]

1. e4 c5 2. Nf3 e6 3. d4 cxd4 4. Nxd4 Nc6 5. Nc3 Qc7 6. Be2 a6 7. 0-0 Nf6 8. Be3 Be7 9. f4 d6 10. Qe1 0-0 11. Qg3 Nxd4 12. Bxd4 b5 13. a3 Bb7 14. Rae1 Rad8 15. Kh1 Rd7 16. Bd3 g6 17. Qh3 Re8 18. f5 e5 19. Be3 Qd8 20. Rf3 d5 21. fxg6 hxg6 22. exd5 Bxd5 23. Nxd5 Rxd5 24. Ref1 e4 25. Bxe4 Rh5 26. Qxh5 Nxh5 27. Rxf7 Qd6 28. Bd3 Qe6 29. R7f3 Rf8 30. Bd4 Rxf3 31. Rxf3 Bg5 32. Rf1 Nf4 0-1

[Event "Oberliga Ost-A 1819"]
[Site "Germany"]
[Date "2018.11.11"]
[Round "3.1"]
[White "Wegener, Dirk"]
[Black "Sieber, Fiona"]
[Result "1/2-1/2"]
[WhiteElo "2397"]
[BlackElo "2246"]
[PlyCount "83"]
[EventDate "2018.10.21"]
[EventType "team-tourn"]
[EventRounds "11"]
[EventCountry "GER"]
[SourceTitle "EXT 2020"]
[Source "ChessBase"]
[SourceDate "2019.10.17"]
[SourceVersion "1"]
[SourceVersionDate "2019.10.17"]
[SourceQuality "1"]
[WhiteTeam "Dresden USV TU II"]
[BlackTeam "Magdeburg Aufbau Elbe"]
[WhiteTeamCountry "GER"]
[BlackTeamCountry "GER"]

1. e4 c5 2. Nf3 d6 3. d4 cxd4 4. Nxd4 Nf6 5. Nc3 a6 6. Bg5 e6 7. f4 h6 8. Bh4 Qb6 9. a3 Be7 10. Bf2 Qc7 11. Qf3 Nbd7 12. h4 h5 13. g3 b5 14. Bh3 Nc5 15. 0-0 Bb7 16. Rfe1 0-0 17. Re3 Rfe8 18. Qe2 e5 19. Nf3 Bf8 20. Ng5 d5 21. Nxd5 Bxd5 22. exd5 exf4 23. gxf4 Qxf4 24. Re1 Rxe3 25. Qxe3 Nxd5 26. Qe5 Rd8 27. Bg2 Qg4 28. Kh1 Nf6 29. Bf3 Qc8 30. Bd4 Bd6 31. Qe2 Re8 32. Qf2 Ncd7 33. Be4 Be5 34. Bd5 Bxd4 35. Bxf7+ Kf8 36. Rxe8+ Qxe8 37. Qxd4 Qe1+ 38. Kg2 Qe2+ 39. Kg1 Qe1+ 40. Kg2 Qe2+ 41. Kg1 Qe1+ 42. Kg2 1/2-1/2

[Event "Oberliga Ost-A 1718"]
[Site "Germany"]
[Date "2018.04.14"]
[Round "10.1"]
[White "Wegener, Dirk"]
[Black "Kuraszkiewicz, Michael"]
[Result "1-0"]
[WhiteElo "2373"]
[BlackElo "2303"]
[PlyCount "47"]
[EventDate "2017.10.22"]
[EventType "team-tourn"]
[EventRounds "11"]
[EventCountry "GER"]
[SourceTitle "EXT 2019"]
[Source "ChessBase"]
[SourceDate "2018.10.10"]
[SourceVersion "1"]
[SourceVersionDate "2018.10.10"]
[SourceQuality "1"]
[WhiteTeam "Dresden USV TU II"]
[BlackTeam "Plauen Koenig"]
[WhiteTeamCountry "GER"]
[BlackTeamCountry "GER"]

1. e4 d6 2. d4 Nf6 3. Nc3 g6 4. f4 Bg7 5. Nf3 c5 6. e5 Ng4 7. Bb5+ Bd7 8. e6 fxe6 9. Ng5 Bxb5 10. Nxb5 Qa5+ 11. Bd2 Qxb5 12. Qxg4 Bxd4 13. Nxe6 Na6 14. c3 Bf6 15. f5 Qd3 16. Rf1 Rg8 17. 0-0-0 h5 18. Qa4+ Kf7 19. Bg5 Qe2 20. Bxf6 Qe3+ 21. Kb1 Kxf6 22. fxg6+ Kxg6 23. Qc2+ Kh6 24. Rfe1 1-0

[Event "Oberliga Ost-A 1718"]
[Site "Germany"]
[Date "2018.03.18"]
[Round "9.1"]
[White "Wegener, Dirk"]
[Black "Niegsch, Nicolas"]
[Result "1-0"]
[WhiteElo "2373"]
[BlackElo "2232"]
[PlyCount "93"]
[EventDate "2017.10.22"]
[EventType "team-tourn"]
[EventRounds "11"]
[EventCountry "GER"]
[SourceTitle "EXT 2019"]
[Source "ChessBase"]
[SourceDate "2018.10.10"]
[SourceVersion "1"]
[SourceVersionDate "2018.10.10"]
[SourceQuality "1"]
[WhiteTeam "Dresden USV TU II"]
[BlackTeam "Loeberitz"]
[WhiteTeamCountry "GER"]
[BlackTeamCountry "GER"]

1. e4 c5 2. Nf3 g6 3. d4 cxd4 4. Nxd4 Bg7 5. c4 Nc6 6. Be3 Nf6 7. Nc3 0-0 8. Be2 d6 9. 0-0 Bd7 10. Re1 Nxd4 11. Bxd4 Bc6 12. Bd3 Nd7 13. Bxg7 Kxg7 14. Rc1 a5 15. Qd2 Nc5 16. Bb1 a4 17. Re3 Rh8 18. Nd5 e5 19. f4 Bxd5 20. exd5 exf4 21. Rf3 g5 22. g3 Qf6 23. gxf4 g4 24. Rg3 h5 25. h3 Rae8 26. hxg4 hxg4 27. Rxg4+ Kf8 28. f5 Rh3 29. Rf1 Qh8 30. Qg2 Ree3 31. f6 Nd7 32. Bf5 Ne5 33. Rg7 Nf3+ 34. Rxf3 Rhxf3 35. Bh7 Re1+ 36. Kh2 Rxf6 37. Rg8+ Qxg8 38. Qxg8+ Ke7 39. Qg5 Re5 40. Qh4 Re2+ 41. Kg1 Re3 42. c5 Ref3 43. cxd6+ Kxd6 44. Qb4+ Kc7 45. Be4 R3f4 46. Qe7+ Kb6 47. Bg2 1-0

[Event "GER CupT 1718 Round2 (1)"]
[Site "Gera"]
[Date "2018.03.04"]
[Round "2.2"]
[White "Wegener, Dirk"]
[Black "Graf, Alexander"]
[Result "0-1"]
[WhiteElo "2370"]
[BlackElo "2585"]
[PlyCount "56"]
[EventDate "2018.03.03"]
[EventType "team-k.o."]
[EventRounds "2"]
[EventCountry "GER"]
[SourceTitle "CBM 183 Extra"]
[Source "ChessBase"]
[SourceDate "2018.04.19"]
[SourceVersion "1"]
[SourceVersionDate "2018.04.19"]
[SourceQuality "1"]
[WhiteTeam "Dresden USV TU"]
[BlackTeam "Deizisau"]
[WhiteTeamCountry "GER"]
[BlackTeamCountry "GER"]

1. e4 g6 2. d4 Bg7 3. Be3 d6 4. Bd3 Nf6 5. f3 e5 6. c3 Nbd7 7. Ne2 0-0 8. 0-0 d5 9. Kh1 dxe4 10. fxe4 exd4 11. cxd4 c5 12. Nbc3 cxd4 13. Nxd4 Nc5 14. Bc2 b6 15. Qe1 Ba6 16. Rf3 Ng4 17. Rd1 Ne5 18. Rg3 Ned3 19. Bxd3 Nxd3 20. Qg1 Nxb2 21. Ne6 fxe6 22. Rxd8 Raxd8 23. Bg5 Rd7 24. Rf3 Bxc3 25. Rxf8+ Kxf8 26. Qf2+ Rf7 27. Bf4 Nd3 28. Qh4 Nxf4 0-1

[Event "Oberliga Ost-A 1718"]
[Site "Germany"]
[Date "2018.01.21"]
[Round "5.1"]
[White "Richter, Leonard"]
[Black "Wegener, Dirk"]
[Result "0-1"]
[WhiteElo "2268"]
[BlackElo "2373"]
[PlyCount "144"]
[EventDate "2017.10.22"]
[EventType "team-tourn"]
[EventRounds "11"]
[EventCountry "GER"]
[SourceTitle "EXT 2019"]
[Source "ChessBase"]
[SourceDate "2018.10.10"]
[SourceVersion "1"]
[SourceVersionDate "2018.10.10"]
[SourceQuality "1"]
[WhiteTeam "Leipzig SG II"]
[BlackTeam "Dresden USV TU II"]
[WhiteTeamCountry "GER"]
[BlackTeamCountry "GER"]

1. e4 e6 2. d4 d5 3. Nc3 Bb4 4. e5 c5 5. a3 Bxc3+ 6. bxc3 Ne7 7. Qg4 Qc7 8. Bd3 Nbc6 9. Qxg7 Rg8 10. Qf6 cxd4 11. Nf3 Nf5 12. Bxf5 exf5 13. 0-0 dxc3 14. Re1 Be6 15. Ng5 Kd7 16. Nxh7 Nd4 17. Rd1 Nf3+ 18. Kh1 Rg6 19. gxf3 Rxf6 20. Nxf6+ Kc6 21. f4 b6 22. Be3 Kb7 23. h4 Qc4 24. h5 Rh8 25. a4 Bd7 26. a5 d4 27. a6+ Kc8 28. Rxd4 Bc6+ 29. Kg1 Qe2 30. Rd6 Qf3 31. Rxc6+ Qxc6 32. Ra3 Rd8 33. Ra1 Qf3 34. h6 Qh3 35. h7 Kc7 36. Rf1 Kc6 37. f3 Qg3+ 38. Kh1 Rh8 39. Rf2 Qh3+ 40. Kg1 Rxh7 41. Nxh7 Qxh7 42. Kf1 Kb5 43. Ke2 Qg8 44. Kd3 Qc8 45. Bd4 Qc4+ 46. Ke3 Kxa6 47. Re2 Kb5 48. Re1 Qb4 49. Rd1 Kc4 50. e6 fxe6 51. Be5 Qb2 52. Rd4+ Kb5 53. Kd3 Qa1 54. Rd6 Kc5 55. Rd4 b5 56. Bd6+ Kb6 57. Bb4 Qd1+ 58. Kxc3 Qxf3+ 59. Kd2 Qf2+ 60. Kd3 Qg3+ 61. Kd2 e5 62. fxe5 Qxe5 63. c3 f4 64. Rd6+ Kc7 65. Rd3 Kc6 66. Kd1 Qh5+ 67. Ke1 Qh1+ 68. Kf2 Qe4 69. Rh3 Qc2+ 70. Kf3 Qd3+ 71. Kg4 Qd7+ 72. Kh4 Qf5 0-1

[Event "Oberliga Ost-A 1617"]
[Site "Germany"]
[Date "2017.02.19"]
[Round "7.2"]
[White "Wegener, Dirk"]
[Black "Siedentopf, Daniel"]
[Result "1-0"]
[WhiteElo "2349"]
[BlackElo "2292"]
[PlyCount "107"]
[EventDate "2016.10.16"]
[EventType "team-tourn"]
[EventRounds "11"]
[EventCountry "GER"]
[SourceTitle "EXT 2018"]
[Source "ChessBase"]
[SourceDate "2017.10.13"]
[SourceVersion "1"]
[SourceVersionDate "2017.10.13"]
[SourceQuality "1"]
[WhiteTeam "Dresden USV TU II"]
[BlackTeam "Dresden Gruen Weiss"]
[WhiteTeamCountry "GER"]
[BlackTeamCountry "GER"]

1. e4 e6 2. d4 d5 3. Nc3 Bb4 4. e5 c5 5. a3 Bxc3+ 6. bxc3 Ne7 7. Nf3 h6 8. h4 b6 9. Bb5+ Bd7 10. Bd3 Ba4 11. h5 c4 12. Be2 Kd7 13. Nh4 Qg8 14. g4 Qh7 15. Ra2 Na6 16. 0-0 g6 17. hxg6 fxg6 18. f4 g5 19. Ng2 Rag8 20. f5 Nc7 21. f6 Nc6 22. Kf2 Nb5 23. Qd2 h5 24. gxh5 g4 25. Nf4 Qe4 26. Kg3 Nxc3 27. f7 Rg7 28. Qxc3 Nxd4 29. Qb4 Rxf7 30. Bxg4 Rg8 31. Qxa4+ Kc8 32. c3 Rxg4+ 33. Kxg4 Qf5+ 34. Kh4 Rg7 35. Rg2 Rxg2 36. Nxg2 Qxf1 37. cxd4 Qxg2 38. Qd1 Qe4+ 39. Kg3 b5 40. Bg5 Kb7 41. Qf3 Qxd4 42. Qf7+ Ka6 43. Qxe6+ Ka5 44. Qe7 Qd3+ 45. Kg4 Qe4+ 46. Bf4 Ka6 47. Qd6+ Kb7 48. e6 d4 49. e7 Qg2+ 50. Kf5 Qh3+ 51. Kg6 Qg4+ 52. Bg5 Qe4+ 53. Kg7 d3 54. Qd7+ 1-0

[Event "Bundesliga 1516"]
[Site "Germany"]
[Date "2016.03.13"]
[Round "11.7"]
[White "Rau, Hannes"]
[Black "Wegener, Dirk"]
[Result "0-1"]
[WhiteElo "2468"]
[BlackElo "2347"]
[PlyCount "60"]
[EventDate "2015.09.18"]
[EventType "team-tourn"]
[EventRounds "15"]
[EventCountry "GER"]
[SourceTitle "CBM 172"]
[Source "ChessBase"]
[SourceDate "2016.05.12"]
[SourceVersion "1"]
[SourceVersionDate "2016.05.12"]
[SourceQuality "1"]
[WhiteTeam "Hockenheim"]
[BlackTeam "Dresden TU"]
[WhiteTeamCountry "GER"]
[BlackTeamCountry "GER"]

1. d4 Nf6 2. c4 g6 3. Nc3 Bg7 4. e4 d6 5. Nf3 0-0 6. Be2 e5 7. d5 Ne8 8. Bg5 f6 9. Bh4 h5 10. h3 Bh6 11. Nd2 c5 12. Nf1 Bg5 13. Bg3 Nd7 14. Bh2 Ng7 15. Ne3 f5 16. exf5 Bxe3 17. fxe3 Nxf5 18. Qd3 Qg5 19. Kd2 Nf6 20. Raf1 h4 21. Ne4 Nxe4+ 22. Qxe4 Bd7 23. g4 hxg3 24. h4 Qh6 25. Bg1 Ng7 26. Rxf8+ Rxf8 27. Qg2 Nh5 28. Bxh5 Qxh5 29. Qxg3 Rf1 30. Kc3 Rc1+ 0-1

[Event "Bundesliga 1516"]
[Site "Germany"]
[Date "2016.03.12"]
[Round "10.7"]
[White "Wegener, Dirk"]
[Black "Walter, Stefan1"]
[Result "1/2-1/2"]
[WhiteElo "2347"]
[BlackElo "2402"]
[PlyCount "155"]
[EventDate "2015.09.18"]
[EventType "team-tourn"]
[EventRounds "15"]
[EventCountry "GER"]
[SourceTitle "CBM 172"]
[Source "ChessBase"]
[SourceDate "2016.05.12"]
[SourceVersion "1"]
[SourceVersionDate "2016.05.12"]
[SourceQuality "1"]
[WhiteTeam "Dresden TU"]
[BlackTeam "Griesheim"]
[WhiteTeamCountry "GER"]
[BlackTeamCountry "GER"]

1. e4 e5 2. Nf3 Nc6 3. Bb5 a6 4. Ba4 Nf6 5. 0-0 Be7 6. Re1 b5 7. Bb3 d6 8. c3 0-0 9. h3 Na5 10. Bc2 c5 11. d4 Nd7 12. Nbd2 exd4 13. cxd4 Nc6 14. Nf1 cxd4 15. Nxd4 Nxd4 16. Qxd4 Ne5 17. Qd1 Bf6 18. Ne3 Be6 19. a4 Nc4 20. axb5 Nxe3 21. Bxe3 axb5 22. Rxa8 Qxa8 23. Qxd6 Bxb2 24. Qb4 Qa3 25. Qxb5 Qc3 26. Qe2 Rc8 27. Rd1 g6 28. Bd3 Rd8 29. Ba6 Rxd1+ 30. Qxd1 Qa5 31. Bb7 h5 32. Bd5 Qa1 33. Qxa1 Bxa1 34. Bxe6 fxe6 35. Kf1 Kf7 36. Ke2 Bc3 37. Kd3 Be1 38. Bd4 Bb4 39. Kc4 Be1 40. Kc5 Bd2 41. Kd6 Bf4+ 42. Be5 Bd2 43. Kd7 Be1 44. f3 Bf2 45. Bc7 Bc5 46. Bd8 Bb4 47. g4 hxg4 48. fxg4 Bd2 49. h4 Bf4 50. Bg5 Be5 51. Be3 Bg3 52. h5 gxh5 53. gxh5 Be5 54. h6 Bb2 55. Kd6 Ba3+ 56. Kc6 Bb2 57. Kb5 Kg6 58. Kc6 Kf7 59. Kd7 Bc3 60. Bf4 Bb2 61. Kc6 Bc3 62. Kc5 Bb2 63. Be3 Ba3+ 64. Kb5 Kg6 65. Kc4 Bb2 66. Kc5 Ba3+ 67. Kc6 Bb2 68. Kd6 Kf7 69. Bg5 Ba3+ 70. Kd7 Bb2 71. h7 Bc3 72. Bd2 Bb2 73. Bf4 Bc3 74. Bd6 Bb2 75. e5 Kg7 76. Kxe6 Kxh7 77. Kf7 Bxe5 78. Bxe5 1/2-1/2

[Event "Bundesliga 1516"]
[Site "Germany"]
[Date "2016.02.06"]
[Round "5.8"]
[White "Wegener, Dirk"]
[Black "Schneider, Stefan"]
[Result "0-1"]
[WhiteElo "2347"]
[BlackElo "2368"]
[PlyCount "86"]
[EventDate "2015.09.18"]
[EventType "team-tourn"]
[EventRounds "15"]
[EventCountry "GER"]
[SourceTitle "CBM 171"]
[Source "ChessBase"]
[SourceDate "2016.03.14"]
[SourceVersion "2"]
[SourceVersionDate "2016.03.14"]
[SourceQuality "1"]
[WhiteTeam "Dresden TU"]
[BlackTeam "Bayern Muenchen"]
[WhiteTeamCountry "GER"]
[BlackTeamCountry "GER"]

1. e4 e6 2. d4 d5 3. Nc3 Nf6 4. Bg5 Bb4 5. e5 h6 6. Bd2 Bxc3 7. bxc3 Ne4 8. Qg4 Kf8 9. Bd3 Nxd2 10. Kxd2 c5 11. Qf4 c4 12. Be2 Nc6 13. h4 Bd7 14. Nf3 b5 15. h5 b4 16. Qe3 a5 17. g4 Na7 18. g5 hxg5 19. Rag1 bxc3+ 20. Ke1 Rb8 21. Nxg5 Rb1+ 22. Bd1 Qe7 23. Rh3 Ke8 24. h6 gxh6 25. Nh7 Kd8 26. Nf6 Ba4 27. Rxh6 Rf8 28. Nxd5 exd5 29. Rd6+ Kc7 30. Qxc3 Nc6 31. Qa3 Qh4 32. Rxc6+ Bxc6 33. Qxf8 Qe4+ 34. Kd2 Qxd4+ 35. Ke2 Qe4+ 36. Kd2 Qd4+ 37. Ke2 Qe4+ 38. Kd2 c3+ 39. Kxc3 d4+ 40. Kd2 Qf4+ 41. Kd3 Bb5+ 42. c4 dxc3+ 43. Kxc3 Qc4+ 0-1

[Event "Bundesliga 1415"]
[Site "Germany"]
[Date "2015.04.12"]
[Round "15.6"]
[White "Wegener, Dirk"]
[Black "Smerdon, David"]
[Result "0-1"]
[WhiteElo "2351"]
[BlackElo "2506"]
[PlyCount "96"]
[EventDate "2014.10.18"]
[EventType "team-tourn"]
[EventRounds "15"]
[EventCountry "GER"]
[SourceTitle "CBM 166"]
[Source "ChessBase"]
[SourceDate "2015.05.11"]
[SourceVersion "1"]
[SourceVersionDate "2015.05.11"]
[SourceQuality "1"]
[WhiteTeam "Dresden TU"]
[BlackTeam "Werder Bremen"]
[WhiteTeamCountry "GER"]
[BlackTeamCountry "GER"]

1. e4 d5 2. exd5 Nf6 3. d4 Bg4 4. Bb5+ Nbd7 5. f3 Bf5 6. c4 e6 7. dxe6 Bxe6 8. d5 Bf5 9. Nc3 Bc5 10. Qe2+ Qe7 11. Bf4 0-0-0 12. Qxe7 Bxe7 13. Nge2 Nc5 14. 0-0 a6 15. Ba4 Bd3 16. Bb3 b5 17. cxb5 axb5 18. Rfc1 Bxe2 19. Nxe2 Nxd5 20. Bg3 Nd3 21. Rd1 Ne3 22. Rdb1 Bc5 23. Kh1 h5 24. h4 Nf5 25. Bxf7 Rh6 26. a4 Rd7 27. Bg8 Re7 28. b4 Rxe2 29. bxc5 Nxg3+ 30. Kh2 Rg6 31. Rg1 Ne5 32. Ra3 b4 33. Rb3 Nf1+ 34. Rxf1 Rgxg2+ 35. Kh3 Ng6 36. f4 Rh2+ 37. Kg3 Nxh4 38. Be6+ Kd8 39. Bh3 Ng6 40. Rd3+ Ke8 41. Re3+ Rxe3+ 42. Kxh2 b3 43. Bf5 Nh4 44. Bh7 g6 45. a5 Kf7 46. Rd1 b2 47. Rb1 Rb3 48. a6 Kg7 0-1

[Event "Bundesliga 1415"]
[Site "Germany"]
[Date "2015.04.11"]
[Round "14.6"]
[White "Janssen, Ruud"]
[Black "Wegener, Dirk"]
[Result "1-0"]
[WhiteElo "2460"]
[BlackElo "2351"]
[PlyCount "81"]
[EventDate "2014.10.18"]
[EventType "team-tourn"]
[EventRounds "15"]
[EventCountry "GER"]
[SourceTitle "CBM 166"]
[Source "ChessBase"]
[SourceDate "2015.05.11"]
[SourceVersion "1"]
[SourceVersionDate "2015.05.11"]
[SourceQuality "1"]
[WhiteTeam "Emsdetten Turm"]
[BlackTeam "Dresden TU"]
[WhiteTeamCountry "GER"]
[BlackTeamCountry "GER"]

1. c4 Nf6 2. Nc3 g6 3. e4 e5 4. Nf3 d6 5. d4 exd4 6. Nxd4 Bg7 7. Be2 0-0 8. 0-0 Re8 9. f3 a6 10. Bg5 h6 11. Be3 Kh7 12. Qd2 Bd7 13. Rad1 Nc6 14. Nc2 Be6 15. b3 a5 16. Kh1 Qe7 17. Nd5 Bxd5 18. cxd5 Nb4 19. Nxb4 axb4 20. Rf2 Nh5 21. Bb5 Bc3 22. Qc1 Rec8 23. Bxh6 c6 24. dxc6 Ra5 25. cxb7 Qxb7 26. Bc4 Ng3+ 27. Kg1 d5 28. Rxd5 Rxd5 29. Bxd5 Ne2+ 30. Kf1 Qxd5 31. Rxe2 Qd3 32. Be3 Rc7 33. Kf2 Qd6 34. g3 Bd4 35. Qd2 Bxe3+ 36. Qxe3 Qd1 37. Kg2 Rc1 38. Qf2 Qh1+ 39. Kh3 Qd1 40. Rd2 Qh1 41. Rd7 1-0

[Event "Oberliga Ost-A 1415"]
[Site "Germany"]
[Date "2015.02.22"]
[Round "8.1"]
[White "Wegener, Dirk"]
[Black "Schubert, Thomas"]
[Result "1/2-1/2"]
[WhiteElo "2361"]
[BlackElo "2343"]
[PlyCount "63"]
[EventDate "2014.09.21"]
[EventType "team-tourn"]
[EventRounds "11"]
[EventCountry "GER"]
[SourceTitle "EXT 2016"]
[Source "ChessBase"]
[SourceDate "2015.10.08"]
[SourceVersion "1"]
[SourceVersionDate "2015.10.08"]
[SourceQuality "1"]
[WhiteTeam "Dresden USV TU II"]
[BlackTeam "Leipzig SG II"]
[WhiteTeamCountry "GER"]
[BlackTeamCountry "GER"]

1. e4 c6 2. d4 d5 3. Nd2 dxe4 4. Nxe4 Nf6 5. Nxf6+ exf6 6. Be3 Qb6 7. Qc1 Bd6 8. Bd3 0-0 9. Ne2 Bf5 10. Bxf5 Qa5+ 11. Qd2 Qxf5 12. 0-0 Nd7 13. Bf4 Bxf4 14. Nxf4 Nb6 15. Rad1 Rfe8 16. Nd3 Qd5 17. Nb4 Qd6 18. c3 Re7 19. Rfe1 Rae8 20. Nc2 g6 21. Rxe7 Rxe7 22. Re1 Rxe1+ 23. Nxe1 Nc4 24. Qe2 Qe6 25. Qxe6 fxe6 26. Nd3 Kf7 27. Kf1 Ke7 28. Ke2 b5 29. b3 Nb6 30. Nb4 Kd6 31. Kd3 Nd5 32. Nxd5 1/2-1/2

[Event "Oberliga Ost-A 1415"]
[Site "Germany"]
[Date "2014.12.07"]
[Round "5.1"]
[White "Kunze, Carlo"]
[Black "Wegener, Dirk"]
[Result "0-1"]
[WhiteElo "2301"]
[BlackElo "2361"]
[PlyCount "70"]
[EventDate "2014.09.21"]
[EventType "team-tourn"]
[EventRounds "11"]
[EventCountry "GER"]
[SourceTitle "EXT 2016"]
[Source "ChessBase"]
[SourceDate "2015.10.08"]
[SourceVersion "1"]
[SourceVersionDate "2015.10.08"]
[SourceQuality "1"]
[WhiteTeam "Chemnitz USG"]
[BlackTeam "Dresden USV TU II"]
[WhiteTeamCountry "GER"]
[BlackTeamCountry "GER"]

1. d4 Nf6 2. c4 g6 3. Nc3 Bg7 4. Nf3 0-0 5. Bf4 d5 6. e3 c5 7. dxc5 Qa5 8. Qa4 Qxc5 9. b4 Qc6 10. b5 Qc5 11. Rc1 Nbd7 12. Qb3 e5 13. Bg3 d4 14. Na4 Qe7 15. c5 Ne4 16. Qd5 Nxg3 17. hxg3 dxe3 18. fxe3 e4 19. Nd2 Be5 20. Nc4 Bxg3+ 21. Kd2 Ne5 22. Nd6 Rd8 23. Kc3 Ng4 24. Bc4 Bxd6 25. cxd6 Rxd6 26. Qc5 b6 27. Qb4 Be6 28. Kb2 Rad8 29. Kb1 Bxc4 30. Qxc4 Nxe3 31. Qc3 Rd3 32. Qe1 Qa3 33. Qh4 h5 34. Nb2 Rd2 35. Qf6 Ng4 0-1

[Event "Bundesliga 1415"]
[Site "Germany"]
[Date "2014.10.19"]
[Round "2.7"]
[White "Noe, Christopher"]
[Black "Wegener, Dirk"]
[Result "1/2-1/2"]
[WhiteElo "2332"]
[BlackElo "2351"]
[PlyCount "58"]
[EventDate "2014.10.18"]
[EventType "team-tourn"]
[EventRounds "15"]
[EventCountry "GER"]
[SourceTitle "CBM 163"]
[Source "ChessBase"]
[SourceDate "2014.11.11"]
[SourceVersion "1"]
[SourceVersionDate "2014.11.11"]
[SourceQuality "1"]
[WhiteTeam "Eppingen"]
[BlackTeam "Dresden TU"]
[WhiteTeamCountry "GER"]
[BlackTeamCountry "GER"]

1. e4 e6 2. d3 d5 3. Nd2 Nf6 4. Ngf3 Be7 5. g3 dxe4 6. dxe4 b6 7. Bg2 Ba6 8. c4 Nfd7 9. 0-0 e5 10. b3 0-0 11. Bb2 f6 12. Qe2 Nc5 13. Rad1 Qd3 14. Qxd3 Nxd3 15. Bc3 Rd8 16. Ne1 Nxe1 17. Rfxe1 Nc6 18. Nf1 Nb4 19. Rd2 Rxd2 20. Bxd2 Rd8 21. Bf3 Nc2 22. Rd1 Nd4 23. Kg2 Bc8 24. Ne3 c6 25. Bc3 Kf7 26. Bg4 Bxg4 27. Nxg4 Ne6 28. Rxd8 Bxd8 29. Ne3 g6 1/2-1/2